| 000 | 00692nam a2200265Ia 4500 | ||
|---|---|---|---|
| 005 | 20260121165951.0 | ||
| 008 | 008 260114s9999 xx 000 0 eng d | ||
| 020 | _a9783319630168 | ||
| 037 | _aEBOOK | ||
| 040 | _aCRL | ||
| 040 | _beng | ||
| 040 | _cCRL | ||
| 041 | _2eng | ||
| 041 | _aeng | ||
| 084 | _qCRL | ||
| 100 |
_aTomáš Havlí?ek, Milan Je?ábek, Jaroslav Dokoupil _91058197 |
||
| 245 | 0 | _aBorders in Central Europe After the Schengen Agreement | |
| 260 | _bSpringer | ||
| 260 | _bSpringer | ||
| 260 | _c2018 | ||
| 856 | _uhttps://link.springer.com/openurl?genre=book&isbn=978-3-319-63016-8 | ||
| 942 | _cEBOOK | ||
| 999 |
_c1623926 _d1623926 |
||